Tazhik e Lugahat / (Record no. 526667)

000 -LEADER
fixed length control field 00455nam a22001817a 4500
003 - CONTROL NUMBER IDENTIFIER
control field NUST
005 - DATE AND TIME OF LATEST TRANSACTION
control field 20190715064643.0
038 ## - RECORD CONTENT LICENSOR
Staff Name Faiza
082 ## - DEWEY DECIMAL CLASSIFICATION NUMBER
Classification number 891.433
Author Mark ZAH
100 ## - MAIN ENTRY--PERSONAL NAME
Personal name Zahid Masood
9 (RLIN) 17670
245 ## - TITLE STATEMENT
Title Tazhik e Lugahat /
Statement of responsibility, etc. Zahid Masood
260 ## - PUBLICATION, DISTRIBUTION, ETC.
Place of publication, distribution, etc. Lahore:
Name of publisher, distributor, etc. Book Home,
Date of publication, distribution, etc. 2017.
300 ## - PHYSICAL DESCRIPTION
Extent 136p. ;
500 ## - GENERAL NOTE
General note Hard Cover
880 ## - ALTERNATE GRAPHIC REPRESENTATION
Linkage 100-01\r
Title زاہد مسعود
880 ## - ALTERNATE GRAPHIC REPRESENTATION
Linkage 245-02\r
Title /تضحیک اللغات
942 ## - ADDED ENTRY ELEMENTS (KOHA)
Source of classification or shelving scheme
Koha item type Book
Holdings
Withdrawn status Lost status Source of classification or shelving scheme Damaged status Not for loan Permanent Location Current Location Date acquired Total Checkouts Full call number Barcode Date last seen Price effective from Koha item type
          Central Library (CL) Central Library (CL) 07/15/2019   891.433 ZAH CL-E-515 07/15/2019 07/15/2019 Book
© 2023 Central Library, National University of Sciences and Technology. All Rights Reserved.